Top 15 des pays avec les décès de Covid-19 - 22 mai - Statistiques

Statistiques générales
  • Ce quiz a été pris 46 fois
  • Le résultat moyen est 14 sur 21
Statistiques - réponses
pays % Correct
France
100%
Etats-Unis
98%
Chine
95%
Espagne
90%
Italie
88%
Brésil
86%
Mexique
86%
Royaume-Uni
86%
Allemagne
81%
Canada
79%
Belgique
74%
Portugal
62%
Suisse
55%
Pays-Bas
48%
Suède
45%
Suède
45%
Turquie
38%
Irlande
33%
Iran
31%
Pérou
24%
Équateur
19%
Aucun quiz correspondant
Distribution des résultats
% des personnes avec chaque résultat
Percentile par nombre de réponses
Votre historique - résultats
Vous n’avez pas pris ce quiz